000 00820nam a22002537i 4500
003 OSt
005 20220117095932.0
008 181015b xxu||||| |||| 00| 0 eng d
020 _a9789719905660
050 _aTX945
_b.G15 2014
040 _erda
_c0
_beng
100 _aGanchero, Ma. Sheila M.
_eauthor.
245 _aRestaurant practicum manual /
_cMa. Sheila M. Sison-Ganchero, Jesusa T. Castso, Daryl Ace V. Cornell.
264 _aIntramuros, Manila :
_bMindshapers Company, Incorporated,
_cc2014.
300 _avi, 93 pages ;
_c23 cm.
336 _atext
_btxt
_2rdacontent
337 _aunmediated
_bn
_2rdamedia
338 _avolume
_bnc
_2rdacarrier
650 _aRestaurants.
650 _aPraticums.
700 _aCastso, Jesusa T.
_eauthor.
700 _aCornell, Daryl Ace V.
_eauthor.
942 _2lcc
_cF
999 _c10424
_d10424